Loading...
| Current Events | 5 | 18.00 | 100% | 60% | 20% |
| Fine Arts - Classical Music | 5 | 18.00 | 100% | 60% | 20% |
| Fine Arts - Other | 4 | 12.50 | 100% | 25% | 0% |
| Fine Arts - Painting and Sculpture | 4 | 25.00 | 100% | 75% | 75% |
| Geography | 2 | 15.00 | 100% | 50% | 0% |
| History - American | 8 | 15.00 | 88% | 38% | 25% |
| History - European | 7 | 20.00 | 100% | 86% | 14% |
| History - Other | 6 | 25.00 | 100% | 100% | 50% |
| History - World | 5 | 26.00 | 100% | 100% | 60% |
| Literature - American | 7 | 18.57 | 100% | 71% | 14% |
| Literature - British | 6 | 16.67 | 100% | 50% | 17% |
| Literature - European | 7 | 17.14 | 100% | 71% | 0% |
| Literature - World | 3 | 20.00 | 100% | 67% | 33% |
| Mythology | 4 | 17.50 | 100% | 75% | 0% |
| Philosophy | 4 | 17.50 | 100% | 75% | 0% |
| Popular Culture | 2 | 5.00 | 50% | 0% | 0% |
| Religion | 6 | 21.67 | 100% | 83% | 33% |
| Science - Biology | 6 | 30.00 | 100% | 100% | 100% |
| Science - Chemistry | 7 | 21.43 | 100% | 71% | 43% |
| Science - Other | 3 | 26.67 | 100% | 100% | 67% |
| Science - Physics | 5 | 12.00 | 100% | 20% | 0% |
| Social Science | 2 | 20.00 | 100% | 50% | 50% |